000 00628nam a2200241Ia 4500
003 OSt
005 20220918182824.0
006 a|||||r|||| 00| 0
007 ta
008 220917b |||||||| |||| 00| 0 eng d
024 _a34,648
037 _cTextual
040 _aARTS
_cARTS
_beng
041 _2eng
_aeng
082 _aO111972:g, N5
100 _aDhawan R K ed
_925788
245 0 _aCanadian literature today
260 _aDelhi
_bPrestige books
_c1995
300 _a202p.
_ccm.
650 _aENGLISH LITERATURE
942 _hO111972:g, N5
_cTEXL
_2CC
999 _c170517
_d170517